| 000 | 02020nab a22002657a 4500 | ||
|---|---|---|---|
| 999 |
_c6388 _d6388 |
||
| 003 | OSt | ||
| 005 | 20260201161315.0 | ||
| 008 | 190506c xxu||||| |||| 00| 0 spa d | ||
| 040 | _cPJ | ||
| 100 |
_97028 _aBesse, Maricel Mabel |
||
| 245 | 1 | 3 |
_aLa prueba electrónica en el proceso laboral / _cMaricel Mabel Besse. |
| 260 |
_aBuenos Aires : _bAbeledoPerrot, _c2023. |
||
| 300 | _ap. 7-19 | ||
| 500 | _aCita: TR LALEY AR/DOC/1831/2023 | ||
| 505 | _aSumario: I. Introducción.— II. ¿A qué nos referimos con prueba electrónica?— III. Herramientas de prueba en la ley 11.653.— IV. La investigación forense del perito informático.— V. La investigación forense del abogado.— VI. Sistemas vigentes para validar archivos en el proceso.— VII. Procedimiento para validar correos electrónicos.— VIII. Procedimiento para validar mensajes de texto.— IX. Presunciones.— X. ¿Cómo se configura la presunción en un documento electrónico?— XI. Estrategia procesal.— XII. Agregación y ofrecimiento de los medios de prueba.— XIII. Particularidades de algunos tipos de prueba digital.— XIV. Incidencia de la prueba electrónica dentro de un conflicto laboral.— XV. Facultades del empleador y su uso de las herramientas tecnológicas.— XVI. Uso de dispositivos de video-vigilancia en el lugar de trabajo.— XVII. Grabaciones reproducidas por los trabajadores en redes sociales.— XVIII. Rastreo de los trabajadores por geolocalización.— XIX. Conclusión.— XX. Bibliografía. | ||
| 505 | _t¿Te interesa el texto completo? Comunicate al correo: koha@justierradelfuego.gov.ar | ||
| 650 | 0 |
_91316 _aDERECHO LABORAL |
|
| 650 | 0 |
_91323 _aCONTRATO DE TRABAJO |
|
| 650 | 0 |
_91383 _aLEY DE CONTRATO DE TRABAJO |
|
| 650 | 0 |
_91975 _aPRUEBA |
|
| 650 | 0 |
_91977 _aAPRECIACION DE LA PRUEBA |
|
| 650 | 0 |
_93404 _aMEDIOS DE PRUEBA ELECTRÓNICOS |
|
| 773 | 0 |
_02751 _93202 _dBuenos Aires : AbeledoPerrot, 2013- _tRevista de derecho laboral y seguridad social. Nº 18 - Septiembre 2023 |
|
| 942 |
_2udc _cANA |
||